Dlhodobé sledovanie detí s chronickou hepatitídou

Bibliographic Details
Main Authors: Kováčová, M. (Author), Horváth, A. (Author), Stanček, D. (Author)
Format: Article
Language:Slovak
PhysicalDescription:Tb. 2. Res., angl., nem., rus., lit. 23 zázn. v slov., angl., nem.
Subjects:

MARC

LEADER 00000nab a2200000 a 4500
001 vtls000415612
003 SK-MaSNL
005 20260304080914.0
008 250424c1991 xo 0 slo
015 |a SNBRB19rr/mm-uuuuu 
035 |a CL0415737 
035 |a urn:nbn:sk:snk-ab6lek 
035 |a (uuid)940161a1-efc5-418e-b451-beccbaca5ca6 
035 |a (urnnbn)urn:nbn:sk:snk:ar-005gba 
035 |a (sysno)vtls000415612 
040 |a SNKBUCL  |b slo  |c SNKBUCL  |e AACR2 
041 0 |a slo 
044 |a xo  |c SK 
080 |a 616.36-002-036.1-053.2  |2 1981 
100 1 |a Kováčová, M.  |4 aut  |9 429331 
245 1 0 |a Dlhodobé sledovanie detí s chronickou hepatitídou  |c M. Kováčová, A. Horváth, D. Stanček 
300 |b Tb. 2. Res., angl., nem., rus., lit. 23 zázn. v slov., angl., nem. 
650 0 7 |a hepatitída chronická  |2 snkbucl  |9 896514 
650 0 7 |a deti  |2 snkbucl  |9 773 
655 7 |a články z novín a časopisov  |2 snkbucl  |9 267496 
700 1 |a Horváth, A.  |4 aut  |9 784964 
700 1 |a Stanček, D.  |4 aut  |9 824858 
773 0 |t Lekársky obzor  |g Roč. 40, č. 4 (1991), s. 227-235 
850 |a Slovenská národná knižnica 
852 |a Slovenská národná knižnica 
954 |a odborná, vedecká literatúra pôvodná (slovenská)  |2 lita 
958 |a article2022 
958 |a OND 
958 |a NB 
958 |a RK 
958 |a MI 
958 |a EUIPO 
992 |a RBX 
999 |c 2788621  |d 2790551